THE AIR MANUAL CIVIL AND CRIMINAL [ CIVIL,P.C. [1908,] S,113 TO ORDER 17, RULE -3 [VOL-5] (Record no. 7737)

MARC details
000 -LEADER
fixed length control field 00436nam a22001457a 4500
005 - DATE AND TIME OF LATEST TRANSACTION
control field 20210323122533.0
008 - FIXED-LENGTH DATA ELEMENTS--GENERAL INFORMATION
fixed length control field 210323b ||||| |||| 00| 0 eng d
082 ## - DEWEY DECIMAL CLASSIFICATION NUMBER
Classification number 345.408 23
100 ## - MAIN ENTRY--AUTHOR NAME
Personal name MANOHAR AND CHITALEY
245 ## - TITLE STATEMENT
Title THE AIR MANUAL CIVIL AND CRIMINAL [ CIVIL,P.C. [1908,] S,113 TO ORDER 17, RULE -3 [VOL-5]
260 ## - PUBLICATION, DISTRIBUTION, ETC. (IMPRINT)
Place of publication NAGPUR
Name of publisher THE ALL INDIA REPORTER PVT.LTD.
300 ## - PHYSICAL DESCRIPTION
Number of Pages 1344,p
650 ## - SUBJECT ADDED ENTRY--TOPICAL TERM
Topical Term LAW
942 ## - ADDED ENTRY ELEMENTS (KOHA)
Koha item type Journals/Serial
Holdings
Lost status Damaged status Collection code Home library Current library Shelving location Date acquired Source of acquisition Full call number Accession Number Koha item type
    LAW JRU Library JRU Library SHELF-36-F 23/03/2021 PURCHESE 345.408 23 25384 Journals/Serial